00462nam a2200157Ia 450000500170000000800410001708200130005824500260007126000390009730000130013665000100014970000250015994200060018495200990019099900150028920250320140253.0240331s9999 xx 000 0 und d bMAHa894 0aMaha kavi kavithaikal aShivagangaibAnam ( Pvt) Ltdc1984 a136 p ., aPoems aNookman, M.A.. eedt cL 001040708LaWERCLbWERCLcSSCd2024-03-31l0o 894.811 MAHp1412r2024-03-31w2024-03-31yL c4041d4041